000 01256cam a2200133 4500500
005 20260208000025.0
041 _afre
042 _adc
100 1 0 _aKohler, Florent
_eauthor
245 0 0 _aSociétés animales : Un regard sociologique
260 _bArmand Colin,
_c2025.
520 _aEt si les « sociétés animales » étaient des sociétés comme les autres ? La société comme système organisé et pérenne, et les faits sociaux qu’elle recouvre, transcende la barrière des espèces. La profondeur temporelle, l’historicité de sociétés ancrées dans un espace donné, et des concepts tels que ceux de parenté et d’alliance, empruntés à l’anthropologie, de pression normative et de ligne de conduite, empruntés à la sociologie, sont autant d’instruments permettant de réduire l’incommensurabilité supposée entre les mondes humains et non humains. Fondé sur des exemples humains et non-humains, ce livre systématise et expose clairement les enjeux d’une approche nouvelle : celle d’une sociologie animale. Il s’adresse aux étudiants et à qui se passionne pour ceux qui partagent notre planète.
856 4 1 _uhttps://shs.cairn.info/societes-animales--9782200640026?lang=fr&redirect-ssocas=7080
999 _c1643484
_d1643484